000
00245nam a2200097Ia 4500
005
20250424112835.0
008
250424s9999 xx 000 0 und d
300
_a
xii, 185 p. : ill. ; 30 cm.
650
_a
Hand--Surgery-- Periodicals.
942
_c
SR
999
_c
37442
_d
37442